Statistics for Which City in Japan?

Click here to take the quiz!

General Stats

  • This quiz has been taken 416 times
  • The average score is 18 of 30

Answer Stats

DescriptionLetterAnswer% Correct
Capital city of Japan, formerly called EdoTTokyo
99%
An atomic bomb was dropped on this city on Aug 6, 1945HHiroshima
97%
Ancient city known for Kinkaku-ji and Fushimi-InariKKyoto
96%
And on this city, three days after aboveNNagasaki
96%
Biggest urban area in the world starting with OOOsaka
93%
Biggest city in HokkaidoSSapporo
93%
Suburb of above and capital of Kanagawa PrefectureYYokohama
91%
The same name with the tallest mountain in JapanFFuji
90%
The third biggest urban area in JapanNNagoya
87%
Biggest city on Kyushu IslandFFukuoka
81%
The name is also used for nuclear plants struck by tsunami in 2011FFukushima
73%
Named after the biggest car-producing company in JapanTToyota
71%
Hosted the 1998 Winter OlympicsNNagano
65%
Another ancient city known for Todai-jiNNara
53%
The busiest international airport in JapanNNarita
52%
Southernmost prefectural capital city in JapanNNaha
50%
The name of this city means "North Kyushu" in JapaneseKKitakyushu
47%
Founded by Date Masamune in 1600SSendai
47%
Biggest city on the coast of Sea of Japan on HonshuNNiigata
44%
Urawa and Omiya are the parts of this citySSaitama
37%
"_____ City Blues" in "Neuromancer", a sci-fi novel written by W. GibsonCChiba
36%
City in Hyogo Prefecture with a World-Heritage-site castleHHimeji
34%
Kanto Festival is held in this city in Tohoku regionAAkita
33%
Biggest city on Shikoku Island, famous for Dogo-OnsenMMatsuyama
33%
Capital of Ishikawa Prefecture, with a garden named Kenroku-enKKanazawa
32%
Capital of the least populated prefecture, known for sand dunesTTottori
32%
Home Town of a football club named "Antlers"KKashima
29%
This city was the seat of government in 13th centuryKKamakura
24%
Largest city in Japan by area, famous for Hida-gyuTTakayama
21%
"Crayon Shin-chan" lives in this cityKKasukabe
16%

Score Distribution

Percentile by Number Answered

Percent of People with Each Score

Your Score History

You have not taken this quiz